[Event "2010 U.S. Masters Championship"]
[Site "Hendersonville, NC"]
[Date "2010.03.21"]
[Round "8"]
[White "Bereolos, Peter"]
[Black "Williams, Justus D"]
[Result "1/2-1/2"]
[WhiteElo "2325"]
[BlackElo "2075"]
[PlyCount "50"]
[EventDate "2010.03.13"]
[EventRounds "9"]
[EventCountry "USA"]
[SourceDate "2010.03.21"]

1. d4 Nf6 2. c4 e6 3. g3 d5 4. Nf3 c6 5. Qc2 Be7 6. Bg2 O-O 7. O-O Ne4 8. Ne5
f6 9. Nd3 Nd6 10. b3 Nf7 11. Bb2 f5 12. Nd2 g5 13. Nf3 Nd7 14. Rad1 Qe8 15.
Nfe5 Nfxe5 16. dxe5 Nb6 17. e3 dxc4 18. bxc4 c5 19. Rc1 Qa4 20. Qb3 Rd8 21.
Rfd1 Bd7 22. Ba3 Bc6 23. Nb2 Qa6 24. Bxc6 bxc6 25. Nd3 Kf7 1/2-1/2

[Event "2010 U.S. Masters Championship"]
[Site "Hendersonville, NC"]
[Date "2010.03.21"]
[Round "8"]
[White "Xin, Samuel L"]
[Black "Jones, Craig"]
[Result "0-1"]
[WhiteElo "2001"]
[BlackElo "2235"]
[PlyCount "52"]
[EventDate "2010.03.13"]
[EventRounds "9"]
[EventCountry "USA"]
[SourceDate "2010.03.21"]

1. e4 c5 2. Nc3 Nc6 3. Nge2 e6 4. d4 cxd4 5. Nxd4 a6 6. Be3 Nf6 7. f3 Qc7 8.
Qd2 d6 9. O-O-O h5 10. Be2 Be7 11. Qe1 b5 12. h3 Bb7 13. g4 g6 14. g5 Nd7 15.
f4 Rc8 16. Rd2 b4 17. Nd5 exd5 18. exd5 Na5 19. Bf3 Nc4 20. Re2 Nc5 21. Kb1 Na4
22. Qxb4 Ncxb2 23. Nb5 axb5 24. Bd4 O-O 25. Bxb2 Nxb2 26. Qxb2 Rfd8 0-1

[Event "2010 U.S. Masters Championship"]
[Site "Hendersonville, NC"]
[Date "2010.03.21"]
[Round "8"]
[White "Burnett, Ronald"]
[Black "Pupols, Viktors"]
[Result "1-0"]
[WhiteElo "2408"]
[BlackElo "2247"]
[PlyCount "53"]
[EventDate "2010.03.13"]
[EventRounds "9"]
[EventCountry "USA"]
[SourceDate "2010.03.21"]

1. e4 d6 2. d4 Nf6 3. Nc3 Nbd7 4. g4 h6 5. Be3 e5 6. d5 Be7 7. h3 Nh7 8. Nf3 c5
9. Qd2 a6 10. a4 Ndf8 11. a5 Bg5 12. Nxg5 hxg5 13. Na4 Ng6 14. Nb6 Rb8 15. b4
Nh4 16. O-O-O c4 17. Bxc4 O-O 18. Bd3 f6 19. c4 Rf7 20. Kb2 Nf8 21. Rc1 Nfg6
22. c5 Bd7 23. c6 Be8 24. cxb7 Rfxb7 25. Bxa6 Nf3 26. Qe2 Ra7 27. Rc8 1-0

[Event "2010 U.S. Masters Championship"]
[Site "Hendersonville, NC"]
[Date "2010.03.21"]
[Round "8"]
[White "Pohl, Klaus A"]
[Black "Christensen, Wayne"]
[Result "1-0"]
[WhiteElo "2206"]
[BlackElo "2028"]
[PlyCount "46"]
[EventDate "2010.03.13"]
[EventRounds "9"]
[EventCountry "USA"]
[SourceDate "2010.03.21"]

1. e4 c5 2. Nf3 Nc6 3. Bb5 g6 4. O-O Bg7 5. c3 Nf6 6. Re1 O-O 7. d4 d5 8. e5
Ne4 9. Bxc6 bxc6 10. Nbd2 Nxd2 11. Bxd2 Qb6 12. dxc5 Qxb2 13. Qa4 Qb7 14. Qh4
f6 15. e6 Qc7 16. Nd4 f5 17. Bf4 Bf6 18. Qg3 Qd8 19. Nxf5 Kh8 20. Nd4 Qe8 21.
Bh6 Rg8 22. Bg5 Bxg5 23. Qxg5 Rb8 1-0

[Event "2010 U.S. Masters Championship"]
[Site "Hendersonville, NC"]
[Date "2010.03.21"]
[Round "8"]
[White "Dana, Maurice"]
[Black "Simpson, Ronald"]
[Result "0-1"]
[WhiteElo "2200"]
[BlackElo "2302"]
[PlyCount "62"]
[EventDate "2010.03.13"]
[EventRounds "9"]
[EventCountry "USA"]
[SourceDate "2010.03.21"]

1. e4 c5 2. Nc3 d6 3. Nf3 Nf6 4. g3 g6 5. Bg2 Bg7 6. O-O Nc6 7. d3 O-O 8. h3
Rb8 9. a4 a6 10. Be3 b5 11. axb5 axb5 12. e5 dxe5 13. Bxc5 b4 14. Ne4 Nd5 15.
Nfd2 Qc7 16. Ng5 Nf6 17. c3 h6 18. Nge4 Rd8 19. cxb4 Nd5 20. Qa4 Ncxb4 21. Rfc1
Bd7 22. Qb3 Bc6 23. Nc4 Na6 24. Qa3 Nxc5 25. Nxc5 Nb4 26. Bxc6 Qxc6 27. Na5 Qf3
28. d4 e4 29. Rc3 Nd3 30. Nxd3 Bxd4 31. Nc6 Qxg3+ 0-1

[Event "2010 U.S. Masters Championship"]
[Site "Hendersonville, NC"]
[Date "2010.03.21"]
[Round "8"]
[White "Lauria, Michael D"]
[Black "Mabe, Chris J"]
[Result "0-1"]
[WhiteElo "2001"]
[BlackElo "2281"]
[PlyCount "116"]
[EventDate "2010.03.13"]
[EventRounds "9"]
[EventCountry "USA"]
[SourceDate "2010.03.21"]

1. e4 g6 2. d4 Bg7 3. Nf3 d6 4. Be3 Nc6 5. Nc3 Bg4 6. Bb5 a6 7. Ba4 b5 8. Bb3
e6 9. Qd2 Bxf3 10. gxf3 Qf6 11. O-O-O Qxf3 12. d5 Na5 13. dxe6 Nxb3+ 14. axb3
fxe6 15. Bf4 Qxf4 16. Qxf4 Bh6 17. Qxh6 Nxh6 18. f3 Rf8 19. Rhf1 Ke7 20. Ne2 e5
21. Rd3 b4 22. c4 Rf6 23. Rfd1 Nf7 24. h4 h5 25. Kd2 Nd8 26. Ke3 Ne6 27. Kf2
Rg8 28. Rh1 a5 29. Rh2 Nc5 30. Re3 a4 31. Rh1 Ra8 32. Ra1 Rff8 33. bxa4 Nxa4
34. b3 Nc5 35. Rxa8 Rxa8 36. f4 Ra3 37. fxe5 dxe5 38. Nc1 Ra1 39. Nd3 Ra2+ 40.
Kg3 Nxd3 41. Rxd3 Rc2 42. Rd5 Rc3+ 43. Kg2 Ke6 44. Rc5 Rxb3 45. Rxc7 Kd6 46.
Rg7 Re3 47. Rxg6+ Kc5 48. Re6 b3 49. Rxe5+ Kxc4 50. Kf2 Rd3 51. Re8 b2 52. Rc8+
Kb3 53. e5 b1=Q 54. Rb8+ Kc2 55. Rxb1 Kxb1 56. e6 Rd6 57. Kf3 Rxe6 58. Kf4 Kc2
0-1

[Event "2010 U.S. Masters Championship"]
[Site "Hendersonville, NC"]
[Date "2010.03.21"]
[Round "8"]
[White "Rankin, Tim"]
[Black "Myers, Dominique"]
[Result "0-1"]
[WhiteElo "1842"]
[BlackElo "2052"]
[PlyCount "42"]
[EventDate "2010.03.13"]
[EventRounds "9"]
[EventCountry "USA"]
[SourceDate "2010.03.21"]

1. d4 Nf6 2. c4 c5 3. d5 b5 4. cxb5 a6 5. bxa6 g6 6. Nc3 Bxa6 7. e4 Bxf1 8.
Kxf1 d6 9. Nge2 Bg7 10. Bd2 Nbd7 11. f4 O-O 12. Qc2 Qb6 13. g3 Rfb8 14. Rb1 c4
15. Kg2 Nc5 16. Nc1 Ng4 17. Kf3 Nb3 18. Kxg4 Qf2 19. Nxb3 Qg2 20. Rhg1 h5+ 21.
Kg5 Kh7 0-1

[Event "2010 U.S. Masters Championship"]
[Site "Hendersonville, NC"]
[Date "2010.03.21"]
[Round "9"]
[White "Jones, Craig"]
[Black "Burnett, Ronald"]
[Result "1/2-1/2"]
[WhiteElo "2235"]
[BlackElo "2408"]
[PlyCount "24"]
[EventDate "2010.03.13"]
[EventRounds "9"]
[EventCountry "USA"]
[SourceDate "2010.03.21"]

1. Nf3 g6 2. c4 Bg7 3. Nc3 d6 4. g3 e5 5. Bg2 f5 6. d3 Nf6 7. O-O a5 8. Bg5 O-O
9. a3 h6 10. Bxf6 Bxf6 11. Rb1 Nd7 12. Nd2 c6 1/2-1/2

[Event "2010 U.S. Masters Championship"]
[Site "Hendersonville, NC"]
[Date "2010.03.21"]
[Round "9"]
[White "Simpson, Ronald"]
[Black "Bereolos, Peter"]
[Result "1/2-1/2"]
[WhiteElo "2302"]
[BlackElo "2325"]
[PlyCount "24"]
[EventDate "2010.03.13"]
[EventRounds "9"]
[EventCountry "USA"]
[SourceDate "2010.03.21"]

1. e4 e5 2. Nc3 Nc6 3. f4 Bc5 4. Nf3 d6 5. Bb5 Bd7 6. Bxc6 Bxc6 7. Qe2 Qe7 8.
d3 Nf6 9. fxe5 dxe5 10. Be3 O-O-O 11. O-O-O Bd4 12. Qe1 Bxe3+ 1/2-1/2

[Event "2010 U.S. Masters Championship"]
[Site "Hendersonville, NC"]
[Date "2010.03.21"]
[Round "9"]
[White "Lauria, Michael D"]
[Black "Pohl, Klaus A"]
[Result "0-1"]
[WhiteElo "2001"]
[BlackElo "2206"]
[PlyCount "72"]
[EventDate "2010.03.13"]
[EventRounds "9"]
[EventCountry "USA"]
[SourceDate "2010.03.21"]

1. e4 d6 2. d4 e5 3. Nf3 exd4 4. Nxd4 Nf6 5. Nc3 g6 6. Bg5 Bg7 7. Bc4 h6 8. Bh4
O-O 9. O-O c6 10. f4 b5 11. Ndxb5 cxb5 12. Bd5 g5 13. Bxa8 gxh4 14. e5 Qb6+ 15.
Kh1 dxe5 16. fxe5 Ng4 17. Qe2 Nxe5 18. Qxb5 Qxb5 19. Nxb5 Nbc6 20. Bxc6 Nxc6
21. c3 h3 22. Nd6 Be6 23. Rfd1 Rb8 24. b3 Ne7 25. gxh3 Bxc3 26. Rac1 Be5 27.
Kg1 Bf4 28. Rc3 Nd5 29. Rc6 Nb4 30. Rc3 Rd8 31. a3 Bxd6 32. Rg3+ Kf8 33. axb4
Bc5+ 34. bxc5 Rxd1+ 35. Kf2 Rb1 36. b4 Rb2+ 0-1

[Event "2010 U.S. Masters Championship"]
[Site "Hendersonville, NC"]
[Date "2010.03.21"]
[Round "9"]
[White "Williams, Justus D"]
[Black "Dana, Maurice"]
[Result "1/2-1/2"]
[WhiteElo "2075"]
[BlackElo "2200"]
[PlyCount "33"]
[EventDate "2010.03.13"]
[EventRounds "9"]
[EventCountry "USA"]
[SourceDate "2010.03.21"]

1. Nf3 Nf6 2. c4 g6 3. Nc3 Bg7 4. g3 O-O 5. Bg2 d6 6. O-O c5 7. a3 Nc6 8. d3
Bd7 9. h3 Nd4 10. e3 Nxf3+ 11. Qxf3 Bc6 12. e4 Ne8 13. g4 f5 14. gxf5 gxf5 15.
Qg3 Kh8 16. Ne2 Rg8 17. Qh4 1/2-1/2

[Event "2010 U.S. Masters Championship"]
[Site "Hendersonville, NC"]
[Date "2010.03.21"]
[Round "9"]
[White "Pupols, Viktors"]
[Black "Thompson, Reece E"]
[Result "1/2-1/2"]
[WhiteElo "2247"]
[BlackElo "1816"]
[PlyCount "98"]
[EventDate "2010.03.13"]
[EventRounds "9"]
[EventCountry "USA"]
[SourceDate "2010.03.21"]

1. d4 d5 2. c4 e5 3. dxe5 d4 4. Nf3 Nc6 5. a3 Nge7 6. g3 Bg4 7. Bg2 Qd7 8. O-O
O-O-O 9. Qb3 Ng6 10. Nbd2 h5 11. h4 Re8 12. Rd1 Ngxe5 13. Ne4 d3 14. Bf4 Bxf3
15. exf3 Nd4 16. Qa2 Nexf3+ 17. Bxf3 Nxf3+ 18. Kg2 Nxh4+ 19. gxh4 Rxe4 20. Bg3
Be7 21. Qb3 Rd8 22. Re1 f5 23. f3 Re2+ 24. Rxe2 dxe2 25. Re1 Qd2 26. c5 Bxc5
27. Qe6+ Qd7 28. Qxe2 Qd2 29. Be5 Qh6 30. Bc3 Qg6+ 31. Kh3 f4 32. Qe6+ Qxe6+
33. Rxe6 Bd4 34. Re4 Bxc3 35. bxc3 Rd3 36. Rxf4 Rxc3 37. Kg3 Rc1 38. Rf7 Rg1+
39. Kf4 c5 40. Ke5 c4 41. Kd4 b5 42. Rxa7 Rd1+ 43. Kc3 Rd3+ 44. Kc2 Rxf3 45.
Rxg7 Rxa3 46. Rg5 Rh3 47. Rxh5 b4 48. Rc5+ Kd7 49. Rxc4 b3+ 1/2-1/2